1739 1408 1810 1085 1389 1122 1734 1101 1498 1598 1496 1995 1642 1120 1728 1032 1519 1252 1521 1274 1973 1933 1236 1891 1383 1184 1140 1163 1678 1661 1765 1873 1134 1612 1462 1566 1282 1141 1532 1253 1520 1795 1617 1443 1241 1700 1798 1289 1696 1589 1787 1593 1652 1588 1765 1098 1280 1947 1852 1191 1494 1098 1464 1224 1288 1318 1968 1145 1644 1802 1575 1695 1794 1752 1030 1738 1835 1817 1223 1459 1855 1587 1688 1440 1466 1742 1143 1896 1077 1582 1591 1634 1154 1725 1491 1890 1961 1167 1209 BCNSPRNW ULIB Ver.6.0+V

เปลี่ยนเป็นภาษาไทย

Change to English
 แสดงรายละเอียดบรรณานุกรม
  กลับหน้าหลัก

Brief Record : Get Marc (ISO 2709) : E-mail record : QR code < ปิดหน้าต่าง
LEADER : 00000nam 2200000uu 4500
001    13399114214
003     ULIB
008    120305s2553||||th 000 0 tha d
020    ^a9786165092319
060 04 ^aQZ50^bว712ร
100 0  ^aวิโรจน์ ไววานิชกิจ
245 10 ^aรู้จริงโรคกรรมพันธุ์ /^cโดยวิโรจน์ ไววานิชกิจ
260    ^aกรุงเทพฯ :^bแฮปปี้บุ๊ค,^c2553
300    ^a127 หน้า :^bภาพประกอบ ;^c21 ซม.
650  7 ^aโรคพันธุกรรม
650  7 ^aโรคเลือดทางพันธุกรรม
650  7 ^aโรคมะเร็งทางพันธุกรรม
650  7 ^aโรคระบบประสาททางพันธุกรรม
945    ^p110^l0^i18874
995    ^aกัณชพร
999    ^aใช้งานได้ทุกระบบ
รายการนี้ยังไม่มีแท็ก
คุณยังไม่ได้ล็อกอิน คุณสามารถมีกิจกรรมร่วมกับเว็บไซต์ได้ แต่ต้องล็อกอินก่อน ::
  ล็อกอิน

รายการสื่อสารสนเทศ

ลำดับที่ ประเภท เลขเรียก/บาร์โค้ด สถานที่ สถานะ
- ไม่พบข้อมูล -

รายการใกล้เคียง
    ผู้แต่ง [วิโรจน์ ไววานิชกิจ]

    หัวเรื่อง [โรคพันธุกรรม]
    หัวเรื่อง [โรคเลือดทางพันธุกรรม]
    หัวเรื่อง [โรคมะเร็งทางพันธุกรรม]
    หัวเรื่อง [โรคระบบประสาททางพันธุกรรม]

BibComment


ยังไม่เคยถูกคอมเมนท์

คอมเมนท์ทรัพยากรรายการนี้
  คอมเมนท์: รู้จริงโรคกรรมพั..


 Copyright 2026. Bcnsprnw @Library